00993cam a22002531 450000100090000000300090000900500170001800800410003501000170007603500190009304000340011204200120014605000220015808200160018010000420019624501470023825000360038526000760042130000660049750400670056350400330063065000100066370000660067310123763BDDh-ASL20231015030049.0771222s1918 enkbj 000 0 eng  a 19014932  a(OCoLC)3509155 aDLCcOTdOCoLCdDLCdBDDh-ASL apremarc00aDS485.P3bC9 1918 a954.5bCUH 1 aCunningham, Joseph Davey,d1812-1851.12aA history of the Sikhs : bfrom the origin of the nation to the battles of the Sutlej / cby Joseph Davey Cunningham, ed. by H. L. O. Garrett. aNew and rev. ed. with two maps. aLondon : aNew York [etc.]bH. Milford, Oxford University Press,c1918. alii, 429 p. : bfront., fold. map, fold. geneal. tab.c20 cm. a"Bibliographical note on the Cunningham family": p. [xiv]-xvi. aBibliography: p. [xvii]-xix. 0aSikhs1 aGarrett, H. L. O.q(Herbert Leonard Offley),d1881-1941,eed.